Представление документа в формате MARC21

Поле Инд. ПП Название Значение
Тип записи a
Библиографический уровень b
001 Контрольный номер RU/IS/BASE/294322642
005 Дата корректировки 20200608194358.0
008 Кодируемые данные 20090429
040 b Код языка каталог. rus
e Правила каталог. PSBO
041 0_ a Код языка текста rus
084 a Индекс другой классификации/Индекс ББК 81.411.2-5-8; 83.07
100 1_ a Автор Рудомёткин А. П.
245 10 a Заглавие Роль перевода в лингвистическом анализе художественного произведения
504 a Библиография Библиогр. - Примеч.: с. 128 - 129
600 14 a Персоналии Достоевский Федор Михайлович
650 14 a Основная рубрика лингвистика текста
a Основная рубрика литературоведение
a Основная рубрика перевод
a Основная рубрика русский язык
a Основная рубрика стилистика
a Основная рубрика филологические науки
a Основная рубрика частное языкознание
a Основная рубрика языкознание
653 0_ a Ключевые слова "Братья Карамазовы"
a Ключевые слова лингвостилистический анализ
a Ключевые слова художественное произведение
a Ключевые слова художественный перевод
a Ключевые слова художественный текст
773 08 t Заглавие источника Вестник Московского университета. Серия 9, Филология
d Дата издания источника 2008
g Прочая информация № 6. - С. 122 - 129 : табл.
w Контрольный № источника RU/IS/BASE/293109115
901 t Тип документа b